000 00390nam a22001577a 4500
999 _c10423
_d10423
003 OSt
008 210205b ||||| |||| 00| 0 eng d
020 _a9789385915505
100 _aAlagarsamy,V
245 _aText book of Medicinal Chemistry Vol.II
250 _a3rd
260 _aNew Delhi
_bCBS Publisher
_c2020
300 _a568
650 _aMedicinal Chemistry
942 _2ddc
_cBK
_01